|
|
|
|
| LEADER |
00000nab a2200000 4500 |
| 001 |
vtls011986457 |
| 003 |
SK-MaSNL |
| 005 |
20260303212916.0 |
| 008 |
200811|2020 xo |||| ||an ||00 0|slo |
| 015 |
|
|
|a SNBRB2020/08
|
| 040 |
|
|
|a SPKCL
|b slo
|e rda
|
| 041 |
|
|
|a slo
|b slo
|b eng
|
| 044 |
|
|
|a xo
|c SK
|
| 072 |
|
7 |
|a 329
|x Politické strany a hnutia
|2 konspekt
|
| 080 |
|
|
|a 329.055
|x -053.6
|2 2011
|
| 100 |
1 |
|
|a Selická, Denisa,
|d 1972-
|4 aut
|9 16622
|
| 245 |
1 |
0 |
|a Vysokoškoláci a extrémizmus
|c Denisa Selická
|
| 300 |
|
|
|b Grafy, tabuľky
|
| 336 |
|
|
|a text
|b txt
|2 rdacontent
|
| 337 |
|
|
|a bez média
|b n
|2 rdamedia
|
| 338 |
|
|
|a zväzok
|b nc
|2 rdacarrier
|
| 504 |
|
|
|a Obsahuje bibliografiu
|
| 546 |
|
|
|a Anglické a slovenské resumé
|
| 650 |
0 |
7 |
|a vysokoškolskí študenti
|2 SNKPH
|9 3981
|
| 650 |
0 |
7 |
|a extrémizmus
|2 SNKPH
|9 4817
|
| 650 |
0 |
7 |
|a názory a postoje
|2 SNKPH
|9 4303
|
| 650 |
0 |
7 |
|a výskum
|2 SNKPH
|9 4238
|
| 773 |
0 |
|
|t Mládež a spoločnosť
|g Roč. XXVI, č. 2 (2020), s. 36-45
|x 1335-1109
|
| 958 |
|
|
|a NB
|
| 999 |
|
|
|c 2209634
|d 2211564
|